Rural development and poverty alleviation / (Record no. 815)
[ view plain ]
| 000 -LEADER | |
|---|---|
| fixed length control field | 00687nam a22002297a 4500 |
| 001 - CONTROL NUMBER | |
| control field | BD-DhSAU 815 |
| 003 - CONTROL NUMBER IDENTIFIER | |
| control field | BD-DhSAU |
| 005 - DATE AND TIME OF LATEST TRANSACTION | |
| control field | 20150106231838.0 |
| 008 - FIXED-LENGTH DATA ELEMENTS--GENERAL INFORMATION | |
| fixed length control field | 150106b xxu||||| |||| 00| 0 eng d |
| 020 ## - INTERNATIONAL STANDARD BOOK NUMBER | |
| International Standard Book Number | 8171321445 |
| 040 ## - CATALOGING SOURCE | |
| Original cataloging agency | BD-DhSAU |
| 082 ## - DEWEY DECIMAL CLASSIFICATION NUMBER | |
| Edition number | 22 |
| Classification number | 307.1412 |
| Item number | RUR |
| 245 ## - TITLE STATEMENT | |
| Title | Rural development and poverty alleviation / |
| Remainder of title | Edited by Subah Singh Yadav and Ram Kumar Gurjar |
| 260 ## - PUBLICATION, DISTRIBUTION, ETC. (IMPRINT) | |
| Place of publication, distribution, etc. | Jaipur : |
| Name of publisher, distributor, etc. | Pointer publishers ; |
| Date of publication, distribution, etc. | 1997. |
| 300 ## - PHYSICAL DESCRIPTION | |
| Extent | xv, 309 p.: |
| Other physical details | ill. , |
| Dimensions | 22 cm. |
| 440 ## - SERIES STATEMENT/ADDED ENTRY--TITLE | |
| Title | Infrastructure to rural development / |
| Number of part/section of a work | vol. 1 |
| 590 ## - Name of Cataloguer | |
| Name of Cataloger | IMRAN |
| 650 ## - SUBJECT ADDED ENTRY--TOPICAL TERM | |
| Topical term or geographic name as entry element | Economics |
| 650 ## - SUBJECT ADDED ENTRY--TOPICAL TERM | |
| Topical term or geographic name as entry element | Rural development |
| 700 ## - ADDED ENTRY--PERSONAL NAME | |
| Personal name | Yadav,Subah Singh |
| 700 ## - ADDED ENTRY--PERSONAL NAME | |
| Personal name | Gurjar,Ram Kumar |
| 942 ## - ADDED ENTRY ELEMENTS (KOHA) | |
| Source of classification or shelving scheme | Dewey Decimal Classification |
| Koha item type | Book |
| Withdrawn status | Lost status | Source of classification or shelving scheme | Damaged status | Not for loan | Home library | Branch Name | Shelving location | Date acquired | Total Checkouts | Full call number | Barcode | Date last seen | Price effective from | Koha item type | Collection code |
|---|---|---|---|---|---|---|---|---|---|---|---|---|---|---|---|
| Dewey Decimal Classification | SAU Library | SAU Library | General Stacks | 12/10/2009 | 307.1412 RUR | 36405 | 06/01/2015 | 06/01/2015 | Book | ||||||
| Dewey Decimal Classification | SAU Library | SAU Library | General Stacks | 12/10/2009 | 307.1412 RUR | 36404 | 06/01/2015 | 06/01/2015 | Book | ||||||
| Dewey Decimal Classification | SAU Library | SAU Library | General Stacks | 12/10/2009 | 307.1412 RUR | 36408 | 06/01/2015 | 06/01/2015 | Book | ||||||
| Dewey Decimal Classification | SAU Library | SAU Library | General Stacks | 12/10/2009 | 307.1412 RUR | 36406 | 06/01/2015 | 06/01/2015 | Book | ||||||
| Dewey Decimal Classification | SAU Library | SAU Library | General Stacks | 12/10/2009 | 307.1412 RUR | 36407 | 06/01/2015 | 06/01/2015 | Book | ||||||
| Dewey Decimal Classification | Not For Loan | SAU Library | SAU Library | Reference | 20/04/2016 | 307.1412 RUR | 36403 | 20/04/2016 | 20/04/2016 | Book | Reference |
